Normal view MARC view
  • Sieges

Entry Topical Term

Number of records used in: 1

001 - CONTROL NUMBER

  • control field: 50279

003 - CONTROL NUMBER IDENTIFIER

  • control field: NUST

005 - DATE AND TIME OF LATEST TRANSACTION

  • control field: 20210314134557.0

008 - FIXED-LENGTH DATA ELEMENTS

  • fixed length control field: 210314|| aca||aabn | a|a d

040 ## - CATALOGING SOURCE

  • Original cataloging agency: NUST
  • Transcribing agency: NUST

150 ## - HEADING--TOPICAL TERM

  • Topical term or geographic name entry element: Sieges
  • Geographic subdivision: Spain

670 ## - SOURCE DATA FOUND

  • Source citation: Work cat.: (NUST): Jones, John Thomas, 50277, Journals of sieges carried on by the army under the duke of Wellington, in Spain, between the years 1811 and 1814, 1827.
© 2023 Central Library, National University of Sciences and Technology. All Rights Reserved.